|
|
|
|
| LEADER |
00000cam a22000004a 4500 |
| 001 |
musev2_68271 |
| 003 |
MdBmJHUP |
| 005 |
20230905051041.0 |
| 006 |
m o d |
| 007 |
cr||||||||nn|n |
| 008 |
130522s2013 nyu o 00 0 eng d |
| 020 |
|
|
|a 9780801467974
|
| 020 |
|
|
|z 9780801478635
|
| 020 |
|
|
|z 9780801451942
|
| 020 |
|
|
|z 9780801467967
|
| 035 |
|
|
|a (OCoLC)1205216330
|
| 040 |
|
|
|a MdBmJHUP
|c MdBmJHUP
|
| 245 |
0 |
0 |
|a Interview Research in Political Science /
|c edited by Layna Mosley.
|
| 264 |
|
1 |
|a Ithaca :
|b Cornell University Press,
|c 2013.
|
| 264 |
|
3 |
|a Baltimore, Md. :
|b Project MUSE,
|c 2021
|
| 264 |
|
4 |
|c ©2013.
|
| 300 |
|
|
|a 1 online resource (312 pages).
|
| 336 |
|
|
|a text
|b txt
|2 rdacontent
|
| 337 |
|
|
|a computer
|b c
|2 rdamedia
|
| 338 |
|
|
|a online resource
|b cr
|2 rdacarrier
|
| 500 |
|
|
|a "This volume results from a conference on the use of interview research in political science, held in January 2010 at Duke University"--Preface.
|
| 505 |
0 |
|
|a Aligning sampling strategies with analytic goals / Julia Lynch -- The ethical treatment of human subjects and the institutional review board process / Sarah M. Brooks -- The power of the interviewer / Lauren M. Maclean -- How to report interview data / Erik Bleich and Robert Pekkanen -- Crafting interviews to capture cause and effect / Cathie Jo Martin -- Using proxy interviewing to address sensitive topics / Melani Cammett -- Working with interpreters / Lee Ann Fujii -- The problem of extra-territorial legality / William Reno -- Capturing meaning and confronting measurement / Mary Gallagher -- Elite interviewing in Washington, DC / Matthew N. Beckmann and Richard L. Hall -- Lessons from the "lobbying and policy change" project / Beth L. Leech [and others] -- Using interviews to understand racial group identity and political behavior / Reuel R. Rogers.
|
| 520 |
|
|
|a Interviews are a frequent and important part of empirical research in political science, but graduate programs rarely offer discipline-specific training in selecting interviewees, conducting interviews, and using the data thus collected. Interview Research in Political Science addresses this vital need, offering hard-won advice for both graduate students and faculty members. The contributors to this book have worked in a variety of field locations and settings and have interviewed a wide array of informants, from government officials to members of rebel movements and victims of wartime violence, from lobbyists and corporate executives to workers and trade unionists.
|
| 546 |
|
|
|a In English.
|
| 588 |
|
|
|a Description based on print version record.
|
| 650 |
|
7 |
|a Politische Wissenschaft
|2 gnd
|
| 650 |
|
7 |
|a Forschungsmethode
|2 gnd
|
| 650 |
|
7 |
|a Interview
|2 gnd
|
| 650 |
|
7 |
|a Political science
|x Methodology.
|2 fast
|0 (OCoLC)fst01069816
|
| 650 |
|
7 |
|a Interviewing.
|2 fast
|0 (OCoLC)fst00977601
|
| 650 |
|
7 |
|a POLITICAL SCIENCE
|x Reference.
|2 bisacsh
|
| 650 |
|
7 |
|a POLITICAL SCIENCE
|x Government
|x National.
|2 bisacsh
|
| 650 |
|
7 |
|a POLITICAL SCIENCE
|x Government
|x General.
|2 bisacsh
|
| 650 |
|
7 |
|a POLITICAL SCIENCE
|x Essays.
|2 bisacsh
|
| 650 |
|
7 |
|a SOCIAL SCIENCE
|x Methodology.
|2 bisacsh
|
| 650 |
|
6 |
|a Entretiens
|v Congres.
|
| 650 |
|
0 |
|a Political science
|x Methodology
|v Congresses.
|
| 650 |
|
0 |
|a Interviewing
|v Congresses.
|
| 655 |
|
7 |
|a Actes de congres.
|2 rvmgf
|
| 655 |
|
7 |
|a Conference papers and proceedings.
|2 lcgft
|
| 655 |
|
7 |
|a Conference papers and proceedings.
|2 fast
|0 (OCoLC)fst01423772
|
| 655 |
|
2 |
|a Congress
|
| 655 |
|
7 |
|a Electronic books.
|2 local
|
| 700 |
1 |
|
|a Mosley, Layna.
|
| 710 |
2 |
|
|a Project Muse.
|e distributor
|
| 830 |
|
0 |
|a Book collections on Project MUSE.
|
| 856 |
4 |
0 |
|z Texto completo
|u https://projectmuse.uam.elogim.com/book/68271/
|
| 945 |
|
|
|a Project MUSE - Custom Collection
|
| 945 |
|
|
|a Project MUSE - Archive Complete Supplement IX
|
| 945 |
|
|
|a Project MUSE - Archive Political Science and Policy Studies Supplement IX
|